Cargando...

Management of teaching skills in primary schools

Detalles Bibliográficos
Autor Principal: Verghese, B V
Formato: Printed Book
Idioma:English
Subjects:
LEADER 00365nam a2200109Ia 4500
008 101008s9999 xx 000 0 eng d
100 |a Verghese, B V 
245 |a Management of teaching skills in primary schools 
650 |a Teaching Methods 
942 |c BK 
999 |c 184054  |d 184054 
952 |0 0  |1 0  |4 0  |7 0  |9 203347  |a EDU  |b EDU  |c ST1  |d 2010-10-20  |i 5662  |l 0  |p EDU5662  |r 2018-08-29  |w 2018-08-29  |y BK